Guess the Harry Styles song with no hints #7 - Statistics

General Stats
  • This quiz has been taken 91 times
  • The average score is 81 of 148
Answer Stats
Answer % Correct
I
100%
A
98%
a
98%
you
97%
the
95%
We
93%
we
93%
and
87%
in
80%
for
77%
her
77%
just
77%
Just
77%
It's
72%
love
72%
don't
70%
(Ooh)
65%
Should
63%
with
63%
all
62%
how
60%
will
58%
would
58%
driving?
55%
keep
55%
sea
55%
always
53%
two
52%
off
50%
view
48%
act
45%
ask,
45%
Choke
45%
normal
45%
side
45%
boob
43%
good
43%
Hey,
43%
small
43%
Cocaine,
42%
concern
42%
engine
42%
America
40%
bad
40%
clouds
40%
darkness
40%
Kiss
40%
Pancakes
40%
sounds
40%
bathroom
38%
going
38%
Life
38%
Monday
38%
Tea
38%
egg
37%
pot
37%
sunglasses
37%
viral
37%
yolk
37%
coffee
35%
cyborgs
35%
glass,
35%
held
35%
move
35%
pass
35%
white
35%
Black
33%
brown,
33%
camera
33%
film
33%
Moka
33%
Riot
33%
Science
33%
Toothache,
33%
foot
32%
Yellow
32%
hacks
30%
Hash
30%
Hot
30%
Maple
30%
roof
30%
swimming
30%
syrup,
30%
Wine
30%
jump
28%
pool
28%
puff
28%
tells
28%
wax,
28%
withheld
28%
edibles
27%
Ash
25%
Passports
25%
wells
25%
tray,
23%
No matching quizzes found
Score Distribution
Percent of People with Each Score
Percentile by Number Answered
Your Score History
You have not taken this quiz